Historia na literę C - Statystyki

Ogólne statystyki
  • Ten quiz został rozwiązany 188 razy
  • Średni wynik to 13 z 22
Statystyki odpowiedzi
Wskazówka Odpowiedź % Poprawnych
Przydomek pierwszego króla Polski Chrobry
96%
Opancerzony pojazd bojowy, wyposażony w działo i gąsienice, zaprojektowany do prowadzenia walki lądowej, po raz pierwszy użyty w trakcie Wielkiej Wojny Czołg
91%
Przydomek księcia krakowskiego i sandomierskiego od 1279 roku aż do śmierci Czarny
88%
Państwo, w którym wynalezione zostało m.in. porcelana, czy papier Chiny
86%
Nazwisko męża Marii Skłodowskiej Curie
85%
Nazwisko polskiego dowódcy wojskowego wymienionego w hymnie Polski Czarniecki
85%
Miasto, w którym wydarzyła się katastrofa jądrowa w 1986 r. Czarnobyl
84%
Tytuł monarszy używany w Europie Wschodniej Car
83%
Tytułowe imię pierwszego władcy Cesarstwa Rzymskiego Cezar
83%
Tytuł nadany Jezusowi, który oznacza "Pomazańca" i "Zbawiciela ludzkości" Chrystus
83%
...i jego zachodni odpowiednik Cesarz
79%
Nazwisko brytyjskiego przedstawiciela konferencji jałtańskiej Churchill
77%
...i religia, której jest centralną postacią Chrześcijaństwo
68%
Nazwisko 4. przywódcy ZSRR Chruszczow
63%
Grecki bóg umierających i konających, przewoźnik dusz zmarłych przez rzekę Acheron Charon
53%
Nazwisko brytyjskiego odkrywcy, który zmarł na Hawajach Cook
48%
Grupa etniczna, której kapłani byli nazywani druidami Celtowie
39%
...i nazwisko jego następcy *jeden z nielicznych, którzy sprawowali tę funkcję przez dwie kadencje Cleveland
8%
Imię 21. prezydenta USA Chester
6%
Chanat, który był jednym z państw powstałych po podziale Imperium Mongolskiego i obejmował terytoria Azji Środkowej Chanat {Czagatajski}
4%
Głównie męskie nakrycie głowy, szczególnie popularne w Burgundii w połowie XV w. Chaperon
3%
Francuska nazwa dla króla Franków w latach 768–814 Charlemagne
2%
Nie znaleziono quizów pasujących do podanych kryteriów
Rozkład punktacji
Procent ludzi z każdym wynikiem
Percentyl według liczby udzielonych odpowiedzi
Twoja historia wyników
Nie rozwiązałeś tego quizu